000 00429nam a2200181Ia 4500
001 1764
005 20260306143752.0
008 260306t2004||||xx |||||||||||||| ||spa||
041 _aESP
082 _a155.4
_bA49
100 _aÁlvarez Heredia, Francisco
_eAUT
245 0 _aEstimulación temprana
260 _c2004
300 _a208 páginas :
_c24 x 17 cm.
650 _aGEN
654 _aCPS
942 _cLIB
_dJUS
_fJUS
_2ddc
_n
999 _c1764
_d1764